CO2 Sorption-Desorption and Physical Properties of BaCo3/CuO Composites / (Record no. 525936)
[ view plain ]
| 000 -LEADER | |
|---|---|
| fixed length control field | 00573nam a22001937a 4500 |
| 003 - CONTROL NUMBER IDENTIFIER | |
| control field | NUST |
| 005 - DATE AND TIME OF LATEST TRANSACTION | |
| control field | 20190705112609.0 |
| 008 - FIXED-LENGTH DATA ELEMENTS--GENERAL INFORMATION | |
| fixed length control field | 190705b ||||| |||| 00| 0 eng d |
| 038 ## - RECORD CONTENT LICENSOR | |
| Staff Name | Mr.Zahoor |
| 082 ## - DEWEY DECIMAL CLASSIFICATION NUMBER | |
| Classification number | 540 |
| 100 ## - MAIN ENTRY--PERSONAL NAME | |
| Personal name | Tahir, Maryam |
| 9 (RLIN) | 16888 |
| 245 ## - TITLE STATEMENT | |
| Title | CO2 Sorption-Desorption and Physical Properties of BaCo3/CuO Composites / |
| Statement of responsibility, etc. | Maryam Tahir |
| 260 ## - PUBLICATION, DISTRIBUTION, ETC. | |
| Place of publication, distribution, etc. | Islambad : |
| Name of publisher, distributor, etc. | SNS - NUST, |
| Date of publication, distribution, etc. | 2017. |
| 300 ## - PHYSICAL DESCRIPTION | |
| Extent | xiii, 69 p. : ill. ; |
| Dimensions | 30cm. |
| 500 ## - GENERAL NOTE | |
| General note | Hardcover. |
| 650 ## - SUBJECT ADDED ENTRY--TOPICAL TERM | |
| Topical term or geographic name entry element | Chemistry - MS Thesis |
| 9 (RLIN) | 16069 |
| 700 ## - ADDED ENTRY--PERSONAL NAME | |
| Personal name | Dr. Zahida Malik |
| 9 (RLIN) | 16166 |
| 942 ## - ADDED ENTRY ELEMENTS (KOHA) | |
| Source of classification or shelving scheme | |
| Koha item type | Thesis |
| Withdrawn status | Lost status | Source of classification or shelving scheme | Damaged status | Not for loan | Permanent Location | Current Location | Date acquired | Total Checkouts | Full call number | Barcode | Date last seen | Price effective from | Koha item type |
|---|---|---|---|---|---|---|---|---|---|---|---|---|---|
| Central Library (CL) | Central Library (CL) | 07/05/2019 | 540 | CL-T-2078 | 07/07/2019 | 07/05/2019 | Thesis |
